000 00724am a2200289a 44500
003 AR-BaBNM
005 20251128211009.0
008 200604s1990 Arg|||||||||||000 | esp||
020 _a950-695-039-3
040 _cAR-BaBNM
100 1 _aSartori, Giovanni
245 1 0 _aTeoría de la democracia
_n1
260 _aBuenos Aires
_bRei
_c1990
300 _a305 p.
490 0 _aCiencias Sociales
650 4 _aHISTORIA POLITICA
650 4 _aETICA
650 4 _aPOLITICA
650 4 _aINSTITUCIONES POLITICAS
650 4 _aDEMOCRACIA
650 4 _aTOTALITARISMO
650 4 _aOPINION PUBLICA
650 4 _aOLIGARQUIA
700 1 _aSánchez González, Santiago
_etraductor
942 _cBK
998 _cmariana
999 _c17812
_d17812